| 000 | 02199nam a2200529 i 4500 | ||
|---|---|---|---|
| 001 | 103427 | ||
| 003 | FINmELB | ||
| 005 | 20241217173316.0 | ||
| 006 | m o u | ||
| 007 | cr cn||||||||| | ||
| 008 | 210126s2020 sp a ob 000 0 spa d | ||
| 020 |
_a9788416283910 _q(e-book) |
||
| 020 | _z9788416283903 | ||
| 035 | _a(OCoLC)1237566033 | ||
| 040 |
_aFINmELB _bspa _erda _cFINmELB |
||
| 050 | 4 |
_aRA790.A1 _bG736 2020 |
|
| 080 | _a613.86 | ||
| 080 | _a364.69:616.89 | ||
| 080 | _a616.89-085.2 | ||
| 082 | 0 | 4 |
_a362 _223 |
| 245 | 0 | 0 |
_aGrandes desafíos en salud mental : _boportunidades y retos / _ccoordinadoras, Ma. Ángeles Martínez Martín, María Camino Escolar Llamazares, Nuria Ordóñez Camblor ; Jesús de la Gándara Martín [y otros seis]. |
| 264 | 1 |
_a[Burgos] : _bUniversidad de Burgos, _c2020. |
|
| 300 |
_a1 recurso en línea (167 páginas) : _bgráficos (blanco y negro) |
||
| 336 |
_atexto _btxt _2rdacontent/spa |
||
| 337 |
_acomputadora _bc _2rdamedia/spa |
||
| 338 |
_arecurso en línea _bcr _2rdacarrier/spa |
||
| 490 | 0 |
_aManuales y prácticas ; _v33 |
|
| 504 | _aIncluye referencias bibliográficas. | ||
| 588 | _aDescripción basada en metadatos suministrados por el editor y otras fuentes. | ||
| 590 | _aRecurso electrónico. Santa Fe, Arg.: elibro, 2021. Disponible vía World Wide Web. El acceso puede estar limitado para las bibliotecas afiliadas a elibro. | ||
| 650 | 4 | _aSalud mental. | |
| 650 | 0 | _aPsychiatric clinics. | |
| 650 | 0 |
_aMental illness _xTreatment. |
|
| 650 | 0 | _aMental health. | |
| 650 | 4 | _aAsistencia psiquiátrica. | |
| 650 | 4 |
_aEnfermedades mentales _xTratamiento. |
|
| 655 | 4 | _aLibros electrónicos. | |
| 700 | 1 |
_aMartínez Martín, María Ángeles, _edirector de la publicación. |
|
| 700 | 1 |
_aEscolar Llamazares, María del Camino, _edirector de la publicación. |
|
| 700 | 1 |
_aOrdóñez Camblor, Nuria, _edirector de la publicación. |
|
| 700 | 1 |
_aGándara Martín, Jesús J. de la, _d1956- _eautor. |
|
| 797 | 2 | _aelibro, Corp. | |
| 856 | 4 | 0 | _uhttps://elibro.net/ereader/politecnicointernacional/131467 |
| 999 |
_c103427 _d103427 |
||